Central Library OPAC University of Rajshahi

Rural social work practice / (Record no. 59213)

MARC details
000 -LEADER
fixed length control field 00790nam a2200253 a 4500
001 - CONTROL NUMBER
control field 59213
003 - CONTROL NUMBER IDENTIFIER
rucl marc code BD-RjUL
005 - DATE AND TIME OF LATEST TRANSACTION
control field 20211209080715.0
008 - FIXED-LENGTH DATA ELEMENTS--GENERAL INFORMATION
fixed length control field 161222s1982 enka b 001 0 eng
020 ## - INTERNATIONAL STANDARD BOOK NUMBER
International Standard Book Number 0029104807
035 ## - SYSTEM CONTROL NUMBER
System control number (BD-RjUL)59337
040 ## - CATALOGING SOURCE
Original cataloging agency DLC
Transcribing agency DLC
Modifying agency BD-RjUL
Language of cataloging eng
041 ## - LANGUAGE CODE
Language code of text/sound track or separate title eng
082 00 - DEWEY DECIMAL CLASSIFICATION NUMBER
Classification number 361.973
Edition number 23
Author mark and year RUR 1982
245 10 - TITLE STATEMENT
Title Rural social work practice /
Statement of responsibility, etc. O. William Farley ... [et al.].
260 ## - PUBLICATION, DISTRIBUTION, ETC. (IMPRINT)
Place of publication, distribution, etc. London :
Name of publisher, distributor, etc. Collier Macmillan,
Date of publication, distribution, etc. c1982.
300 ## - PHYSICAL DESCRIPTION
Pagination xiv, 257 p. :
Illustrations ill. ;
Size 25 cm.
504 ## - BIBLIOGRAPHY, ETC. NOTE
Bibliography, etc Includes bibliographical references and index.
650 #0 - SUBJECT ADDED ENTRY--TOPICAL TERM
Topical term or geographic name as entry element Social service, Rural
Geographic subdivision United States.
9 (RLIN) 176114
700 1# - ADDED ENTRY--PERSONAL NAME
Personal name Farley, O. William,
Dates associated with a name 1934-
942 ## - ADDED ENTRY ELEMENTS (KOHA)
Source of classification or shelving scheme Dewey Decimal Classification
Koha item type Books
Holdings
Lost status Source of classification or shelving scheme Damaged status Not for loan Collection code Permanent Location Current Location Shelving location Date acquired Source of acquisition Total Checkouts Full call number Date last seen Copy number Koha item type
  Dewey Decimal Classification   Not For Loan Non-fiction Central Library, University of Rajshahi Central Library, University of Rajshahi Reading Room 20/12/1983 Asia foundation   361.973 RUR 1982 22/12/2016 C-1 Books